One day in the woods / (Record no. 7862)

MARC details
000 -LEADER
fixed length control field 01008nam a22003017a 4500
001 - CONTROL NUMBER
control field 7862
003 - CONTROL NUMBER IDENTIFIER
control field FISKH
005 - DATE AND TIME OF LATEST TRANSACTION
control field 20250812103722.0
008 - FIXED-LENGTH DATA ELEMENTS--GENERAL INFORMATION
fixed length control field 250812b cb ||||| |||| 00| 0 eng d
020 ## - INTERNATIONAL STANDARD BOOK NUMBER
International Standard Book Number 0590379445
040 ## - CATALOGING SOURCE
Original cataloging agency FISKH
Language of cataloging eng
Transcribing agency FISKH
Modifying agency FISKH
050 ## - LIBRARY OF CONGRESS CALL NUMBER
Classification number QH105.N7 G46
082 ## - DEWEY DECIMAL CLASSIFICATION NUMBER
Classification number 508.747
100 ## - MAIN ENTRY--PERSONAL NAME
Personal name George, Craighead Jean
Dates associated with a name (1919–2012)
245 ## - TITLE STATEMENT
Title One day in the woods /
Statement of responsibility, etc. By Jean Craighead George ; Illustrated by Gary Allen
250 ## - EDITION STATEMENT
Edition statement This edition first published in 1998
260 ## - PUBLICATION, DISTRIBUTION, ETC.
Place of publication, distribution, etc. New York :
Name of publisher, distributor, etc. Scholastic,
Date of publication, distribution, etc. 1988
300 ## - PHYSICAL DESCRIPTION
Extent 52 pages :
Other physical details illustrations ;
Dimensions 20 cm
505 ## - FORMATTED CONTENTS NOTE
Formatted contents note W<br/>
520 ## - SUMMARY, ETC.
Summary, etc. Rebecca discovers many things about plant and animal life when she spends the day in Teatown Woods in the Hudson Highlands of New York looking for the ovenbird.<br/>
521 8# - TARGET AUDIENCE NOTE
Target audience note 860<br/>
Source Lexile<br/>
521 8# - TARGET AUDIENCE NOTE
Target audience note W<br/>
Source Raz-Plus<br/>
650 ## - SUBJECT ADDED ENTRY--TOPICAL TERM
Source of heading or term Animals
Topical term or geographic name entry element Ecology
650 ## - SUBJECT ADDED ENTRY--TOPICAL TERM
Source of heading or term Adventure
Topical term or geographic name entry element Nature
700 ## - ADDED ENTRY--PERSONAL NAME
Personal name Allen, Gary
Dates associated with a name illustrator
942 ## - ADDED ENTRY ELEMENTS (KOHA)
Source of classification or shelving scheme Dewey Decimal Classification
Koha item type Books
Suppress in OPAC No
Holdings
Withdrawn status Lost status Source of classification or shelving scheme Damaged status Not for loan Collection Home library Current library Shelving location Date acquired Total Checkouts Full call number Barcode Date last seen Copy number Price effective from Koha item type
    Dewey Decimal Classification     Fiction Footprints International School Library Network Toul Tom Poung Campus Footprints International School Library Network Toul Tom Poung Campus TTP Secondary Fiction Bookshelves 08/12/2025   GEO 508.747 QH105.N7 G46 FIS00522 08/12/2025 1 08/12/2025 Books